| 000 | 01349nam a2200349 a 4500 | ||
|---|---|---|---|
| 001 | 000004479 | ||
| 003 | DO-SdBNP | ||
| 005 | 20211109123609.0 | ||
| 008 | 090723s2008 dr 001 0 spa d | ||
| 020 | _a9789945020335 (v. I) | ||
| 020 | _a9789945020342 (v. 2) | ||
| 020 | _a9789945020359 (v. 3) | ||
| 040 |
_aDO-SdBNP _bspa _cBPMSU |
||
| 082 |
_aRD868.42 _bM516p 2008 _222 |
||
| 100 | 1 |
_aMejía, Félix Evaristo, _d1866-1945 |
|
| 245 | 1 | 0 |
_aProsas polémicas / _cFélix Evaristo Mejía ; editor Andrés Blanco Díaz. |
| 260 |
_aSanto Domingo : _bArchivo General de la Nación, _c2008. |
||
| 300 |
_a3 v. ; _c23 cm. |
||
| 490 | 0 |
_aArchivo General de la Nación _v51-53 |
|
| 500 | _aIncluye índice onomástico | ||
| 504 | _aIncluye referencias bibliográficas y notas al pie de las páginas | ||
| 505 | 2 | _av.1. Primeros escritos, textos marginales, yanquilinarias -- v. 2. Temas educativos y discursos -- v. 3. Ensayos | |
| 600 | 1 | 4 |
_aMejía, Félix Evaristo _d1866-1945 _vColecciones de escritos |
| 650 | 4 | _aLiteratura dominicana. | |
| 650 | 4 | _aEnsayos dominicanos | |
| 650 | 4 |
_aEducación _zRepública Dominicana _xHistoria |
|
| 651 | 4 |
_aRepública Dominicana _xHistoria |
|
| 700 | 1 |
_aBlanco Díaz, Andrés _eed. |
|
| 710 | 2 | _aArchivo General de la Nación (República Dominicana) | |
| 910 | _aVMateo V. | ||
| 942 |
_2ddc _cBK |
||
| 999 |
_c13863 _d13863 |
||